Normal view
MARC view
Entry Personal Name
001 - CONTROL NUMBER
- control field: 333
003 - CONTROL NUMBER IDENTIFIER
- control field: csc
005 - DATE AND TIME OF LATEST TRANSACTION
- control field: 20140507162049.0
008 - FIXED-LENGTH DATA ELEMENTS
- fixed length control field: 110324 a aaaaaaaaa a aaa
040 ## - CATALOGING SOURCE
- Original cataloging agency: csc
- Transcribing agency: csc
100 1# - HEADING--PERSONAL NAME
- Personal name: De Niese, Danielle.
400 1# - SEE FROM TRACING--PERSONAL NAME
- Personal name: Niese, Danielle de
400 1# - SEE FROM TRACING--PERSONAL NAME
- Personal name: DeNiese, Danielle
670 ## - SOURCE DATA FOUND
- Source citation: Work cat.: (csc)0: Giulio Cesare, 2006.
670 ## - SOURCE DATA FOUND
- Source citation: Wikipedia, Aug. 25, 2008 |b (Danielle de Niese; b. 1980; Australian-born soprano now residing in the United States, of Sri Lankan and Dutch heritage)